00742 2200265 4500001002100000005001700021008004100038035002400079082001900103090002700122245007500149260005600224300003000280650002300310700001700333700001700350850001500367980001300382985000600395999001500401990001500416990001500431990001500446990001500461YOGYA-0209000003300720090227024734.0 ind  0010-020900000033007 a392.509 598 52 a392.509 598 52bPerlT aPERKAWINAN adat Batak di kota besarceditor, Harry Waluyo, Tito Adonis aJakartabDepartemen Pendidikan dan Kebudayaanc1993 aviii, 70 hlmbilusc23 cm aPerkawinan - Batak aWahyu, Harry aAdonis, Tito aYOPDYOG(B) a10-05-07 a1 a95A0022594 a22595-A/95 a22594-A/95 a22596-A/95 a22597-A/95